000 00441cam a2200157 4500
001 4613
005 20181127173804.0
008 120126s2012 enkc 000 f eng
010 _a 2012358425
020 _a9780571279272 (pbk.)
100 1 _aHobbs, Peter,
_d1973-
245 1 0 _aIn the orchard, the swallows /
_cPeter Hobbs.
260 _aLondon :
_bFaber and Faber,
_c2012.
300 _a139 p. :
_bport. ;
_c22 cm.
651 0 _aPakistan
_vFiction.
999 _c3826
_d3826